SECONDARY SOCIAL STUDIES INSTRUCTION ,CURRICULUM ,EVALUATION (Record no. 223)
[ view plain ]
| 000 -LEADER | |
|---|---|
| fixed length control field | 00362nam a22001097a 4500 |
| 008 - FIXED-LENGTH DATA ELEMENTS--GENERAL INFORMATION | |
| fixed length control field | 150820b xxu||||| |||| 00| 0 eng d |
| 020 ## - INTERNATIONAL STANDARD BOOK NUMBER | |
| International Standard Book Number | o137977530 |
| 082 ## - | |
| Classification number | 300.7 NEL |
| 100 ## - MAIN ENTRY--PERSONAL NAME | |
| Personal name | NELSON JACK,L. |
| 245 ## - TITLE STATEMENT | |
| Title | SECONDARY SOCIAL STUDIES INSTRUCTION ,CURRICULUM ,EVALUATION |
| Statement of responsibility, etc. | JACK, L. NELSON, JOHN ,U, MICHAELIS |
| 260 ## - PUBLICATION, DISTRIBUTION, ETC. (IMPRINT) | |
| Place of publication, distribution, etc. | ENGLEWOOD CLIFFS |
| Name of publisher, distributor, etc. | PRENTICE-HALL, INC. |
| Date of publication, distribution, etc. | 1980 |
| Withdrawn status | Lost status | Source of classification or shelving scheme | Damaged status | Koha normalized classification for sorting | Not for loan | Home library | Current library | Shelving location | Date acquired | Total Checkouts | Full call number | Barcode | Date last seen | Price effective from | Koha item type |
|---|---|---|---|---|---|---|---|---|---|---|---|---|---|---|---|
| Dewey Decimal Classification | 300_700000000000000_NEL | Dodoma | Dodoma | Ground Floor | 20/08/2015 | 300.7 NEL | 000000002340 | 29/07/2019 | 20/08/2015 | BOOKS |
